| 000 -LEADER |
| fixed length control field |
01711nam a22004217a 4500 |
| 001 - CONTROL NUMBER |
| control field |
9nlwf5c57q1w3b9v |
| 003 - CONTROL NUMBER IDENTIFIER |
| control field |
LIBRIS |
| 005 - DATE AND TIME OF LATEST TRANSACTION |
| control field |
20241031111411.0 |
| 008 - FIXED-LENGTH DATA ELEMENTS--GENERAL INFORMATION |
| fixed length control field |
201110s2019 xxu|||||||||||000 0|eng|c |
| 020 ## - INTERNATIONAL STANDARD BOOK NUMBER |
| International Standard Book Number |
9780323463423 |
| Qualifying information |
inbunden |
| -- |
hela verket |
| 040 ## - CATALOGING SOURCE |
| Original cataloging agency |
G |
| Language of cataloging |
swe |
| Description conventions |
i |
| -- |
rda |
| Transcribing agency |
DLC |
| 041 ## - LANGUAGE CODE |
| Language code of text/sound track or separate title |
eng |
| 080 ## - UNIVERSAL DECIMAL CLASSIFICATION NUMBER |
| Universal Decimal Classification number |
616.12 |
| Item number |
B-84 |
| 082 04 - DEWEY DECIMAL CLASSIFICATION NUMBER |
| Classification number |
616.12 |
| Edition number |
23/swe |
| 084 ## - OTHER CLASSIFICATION NUMBER |
| Classification number |
Veh |
| Number source |
kssb/8 (machine generated) |
| 245 10 - TITLE STATEMENT |
| Title |
Braunwald's heart disease : Volume 1 |
| Remainder of title |
a textbook of cardiovascular medicine / |
| Statement of responsibility, etc. |
edited by Douglas P. Zipes, Peter Libby, Robert O. Bonow, Douglas L. Mann, Gordon F. Tomaselli ; editor and online editor: Eugene Braunwald. |
| 246 10 - VARYING FORM OF TITLE |
| Title proper/short title |
Heart disease |
| Number of part/section of a work |
Volume1 |
| 250 ## - EDITION STATEMENT |
| Edition statement |
Eleventh edition |
| 260 ## - PUBLICATION, DISTRIBUTION, ETC. |
| Place of publication, distribution, etc. |
Philadelphia, PA : |
| Name of publisher, distributor, etc. |
Elsevier, |
| Date of publication, distribution, etc. |
[2019] |
| 264 #4 - PRODUCTION, PUBLICATION, DISTRIBUTION, MANUFACTURE, AND COPYRIGHT NOTICE |
| Date of production, publication, distribution, manufacture, or copyright notice |
�2019 |
| 300 ## - PHYSICAL DESCRIPTION |
| Extent |
xxviii sidor, sidorna Volume 1 1057 p. Disclosure Index 4 p. Index 64 p. Both Volumes 1944 p. |
| Other physical details |
illustrationer |
| 336 ## - CONTENT TYPE |
| Content type term |
text |
| Content type code |
txt |
| Source |
rdacontent |
| 337 ## - MEDIA TYPE |
| Media type term |
unmediated |
| Media type code |
n |
| Source |
rdamedia |
| 338 ## - CARRIER TYPE |
| Carrier type term |
volume |
| Carrier type code |
nc |
| Source |
rdacarrier |
| 650 #2 - SUBJECT ADDED ENTRY--TOPICAL TERM |
| Topical term or geographic name entry element |
Heart Diseases |
| 650 #2 - SUBJECT ADDED ENTRY--TOPICAL TERM |
| Topical term or geographic name entry element |
Cardiovascular Diseases |
| 700 1# - ADDED ENTRY--PERSONAL NAME |
| Personal name |
Zipes, Douglas P. |
| Relationship |
edt |
| 700 1# - ADDED ENTRY--PERSONAL NAME |
| Personal name |
Libby, Peter |
| Relationship |
edt |
| 700 1# - ADDED ENTRY--PERSONAL NAME |
| Personal name |
Bonow, Robert O. |
| Relationship |
edt |
| 700 1# - ADDED ENTRY--PERSONAL NAME |
| Personal name |
Mann, Douglas L. |
| Relationship |
edt |
| 700 1# - ADDED ENTRY--PERSONAL NAME |
| Personal name |
Tomaselli, Gordon F. |
| Relationship |
edt |
| 700 1# - ADDED ENTRY--PERSONAL NAME |
| Personal name |
Braunwald, Eugene, |
| Dates associated with a name |
1929- |
| Relationship |
edt |
| 887 ## - NON-MARC INFORMATION FIELD |
| Content of non-MARC field |
{"@id":"9nlwf5c57q1w3b9v","modified":"2020-11-10T16:03:40.47+01:00","checksum":"102078968443"} |
| Source of data |
librisxl |
| 887 ## - NON-MARC INFORMATION FIELD |
| Content of non-MARC field |
{"@id":"r42cxpxwp7qjvlgg","modified":"2020-11-10T16:04:36.507+01:00","checksum":"107476774357"} |
| Source of data |
librisxl |
| 942 ## - ADDED ENTRY ELEMENTS (KOHA) |
| Source of classification or shelving scheme |
|
| Koha item type |
Books |